| 000 | 00764nas a2200277 4500 | ||
|---|---|---|---|
| 001 | BR9700408 | ||
| 003 | BR-BrBNA | ||
| 005 | 20231205095943.0 | ||
| 007 | ta | ||
| 008 | 230509b bl.|||p| |||| 00| 00por d | ||
| 040 |
_aBR-BrBNA _bpor _cBiblioteca Nacional de Agricultura |
||
| 041 | _a(Pt) | ||
| 072 | _aL70 | ||
| 100 | 1 | _aVarma, K.J. | |
| 100 | 1 | _aAdams, T.E. | |
| 100 | 1 | _aPowers, T.E. | |
| 100 | 1 | _aLamendola, J.F. | |
| 245 | 1 | _aFarmacocinetica do florfenicol nos bezerros | |
| 650 | _aBezerro | ||
| 650 | _aAntibiotico | ||
| 650 | _aBacteria | ||
| 650 | _aVeterinaria | ||
| 773 | 0 |
_tHora Veterinaria (Brazil) _xISSN 0101-9163 _g(Jan-Feb 1996), v. 15(89) p. 43-48 _wBR9700408 |
|
| 909 |
_a202311 _bLúcia _c55 _dLúcia Elande |
||
| 942 |
_2AGRIS _n0 _cANA |
||
| 999 |
_c153641 _d153641 |
||